Paroles - Aujourd'hui tout va bien - Molière l'opéra urbain - Statistiques

Statistiques générales
  • Ce quiz a été pris 9 fois
  • Le résultat moyen est 296 sur 369
Statistiques - réponses
Réponse % Correct
a
100%
à
100%
au
100%
Aujourd'hui
100%
bien
100%
c'
100%
ça
100%
Ce
100%
ce
100%
comme
100%
d'
100%
de
100%
des
100%
en
100%
Encore
100%
encore
100%
est
100%
mieux
100%
n'
100%
On
100%
on
100%
pas
100%
que
100%
s'
100%
tout
100%
Tout
100%
très
100%
va
100%
vie
100%
vient
100%
et
89%
faire
89%
il
89%
ira
89%
l'
89%
la
89%
Le
89%
le
89%
les
89%
nous
89%
passe
89%
passé
89%
qui
89%
y
89%
bonheur
78%
bout
78%
cette
78%
debout
78%
fête
78%
fois
78%
gens
78%
marché
78%
mémoire
78%
nos
78%
relevé
78%
rêve
78%
rêvé
78%
soir
78%
tant
78%
tous
78%
toutes
78%
accroché
67%
argent
67%
avancé
67%
boire
67%
choses
67%
contre
67%
cravaché
67%
défaire
67%
défaites
67%
finit
67%
galères
67%
impasses
67%
lâché
67%
misères
67%
murs
67%
Ne
67%
Notre
67%
notre
67%
Oublier
67%
oublier
67%
rien
67%
rochers
67%
sans
67%
tellement
67%
trébuché
67%
vents
67%
acte
56%
avait
56%
baché
56%
bléssé
56%
déboires
56%
dépassés
56%
face
56%
Fais
56%
jamais
56%
Mais
56%
marées
56%
non
56%
ont
56%
pour
56%
problèmes
56%
quand
56%
retrouvé
56%
sont
56%
assez
44%
casse
44%
clashé
44%
ennuis
44%
éprouvé
44%
eu
44%
faites
44%
lâcher
44%
levé
44%
même
44%
monde
44%
pacte
44%
passer
44%
place
44%
prouver
44%
réinventée
44%
renoncer
44%
rêves
44%
théâtre
44%
un
44%
une
44%
car
33%
efface
33%
gardons
33%
intacts
33%
lumière
33%
malgré
33%
refaire
33%
rideau
33%
vers
33%
lynché
22%
ouais
22%
revers
22%
voici
22%
Aucun quiz correspondant
Distribution des résultats
% des personnes avec chaque résultat
Percentile par nombre de réponses
Votre historique - résultats
Vous n’avez pas pris ce quiz